000 00520nam a2200169Ia 4500
005 20250923150028.0
008 008 250917s9999 xx 000 0 eng d
037 _aReports
040 _aDSWL
_beng
_cDSWL
041 _aeng
_2eng
084 _aT:2, N98
_qDSWL
245 0 _aAttending an educational institution in India : its level nature and cost report no. 439
_c by N.S.S.O. India.
260 _aNew Delhi
_bN.S.S.O.
_c1998
300 _a36139 p.
942 _cREP
_hT:2, N98
999 _c1458709
_d1458709